Karel Boháček : krajinářské kresby : Rabasova galerie v Rakovníku, Malá síň, únor - duben 1984 /

Hlavní autor: Boháček, Karel, 1886-1928
Korporativní autor: Rabasova galerie (Rakovník, Česko)
Další autoři: Rabas, Václav, 1885-1954
Jazyk: Čeština
Vydáno: Rakovník : Okresní muzeum a galerie, 1984
Témata:
Fyzický popis: 1 složený list : ilustrace
Knihy
Uloženo v:
LEADER 01611nam a22004212i 4500
001 001536090
003 CZ BrMZK
005 20170428113242.0
007 ta
008 160720s1984 xr a erc||||||||||cze d
040 |a PNA001  |b cze  |d BOA001  |e rda 
043 |a e-xr--- 
045 |a w-x- 
072 7 |a 74  |x Kresba. Umělecká řemesla  |2 Konspekt  |9 21 
080 |a 741/744(437.3)  |2 MRF 
080 |a 741.047  |2 MRF 
080 |a (437.3)  |2 MRF 
080 |a (083.824)  |2 MRF 
100 1 |a Boháček, Karel,  |d 1886-1928  |7 jn20000400211  |4 art 
245 1 0 |a Karel Boháček :  |b krajinářské kresby : Rabasova galerie v Rakovníku, Malá síň, únor - duben 1984 /  |c text Václav Rabas 
246 3 0 |a Krajinářské kresby - Karel Boháček 
264 1 |a Rakovník :  |b Okresní muzeum a galerie,  |c 1984 
300 |a 1 složený list :  |b ilustrace 
336 |a text  |b txt  |2 rdacontent 
337 |a bez média  |b n  |2 rdamedia 
338 |a svazek  |b nc  |2 rdacarrier 
550 |a Vydavatel: Rabasova galerie Rakovník 
600 1 7 |a Boháček, Karel,  |d 1886-1928  |7 jn20000400211  |2 czenas 
648 7 |a 19.-20. století  |7 ch757015 
650 0 7 |a česká kresba  |7 ph116857  |y 19.-20. století  |2 czenas 
650 0 7 |a krajinářská kresba  |7 ph233617  |z Česko  |y 19.-20. století  |2 czenas 
655 7 |a katalogy výstav  |7 fd132536  |2 czenas 
700 1 |a Rabas, Václav,  |d 1885-1954  |7 jk01101830  |4 wfw 
710 2 |a Rabasova galerie (Rakovník, Česko)  |7 ko2002161939  |4 isb 
910 |a BOA001  |b X-0921.756 
990 |a BK 
991 |b 201605 
996 6 |b 2619167242  |c X-0921.756  |l MZK  |r Sklad / do 24 hodin  |n 0  |w 001571084  |u 000010  |a 1  |e BOA001  |j MZK50  |s P